000
00203 a2200097 4500
001
47399
100
_a
Farran R
245
_a
Operation tom bola
260
_a
London
_b
Collins
_c
090
_c
30430
_d
30430
942
_a
NUST-CAE
_c
M
_c
22704
999
_c
282472
_d
282472